Histoire du drapeau de la Suède - Statistiques

Statistiques générales
  • Ce quiz a été pris 98 fois
  • Le résultat moyen est 3 sur 5
Statistiques - réponses
Hint Réponse % Correct
Premier drapeau de la Suède (800-1397)
83%
Union de Kalmar (1397-1523)
67%
Deuxième drapeau de la Suède-Norvège (1821-1905)
63%
Premier drapeau de la Suède-Norvège (1815-1821)
44%
Deuxième drapeau de la Suède (1523-1815 et depuis 1905)
30%
Aucun quiz correspondant
Distribution des résultats
% des personnes avec chaque résultat
Percentile par nombre de réponses
Votre historique - résultats
Vous n’avez pas pris ce quiz